[Event "51 C.I.S. serie C/9"]
[Site "?"]
[Date "2019.03.17"]
[Round "5.4"]
[White "Steccanella, Willi"]
[Black "Tivelli, Massimiliano"]
[Result "1-0"]
[WhiteElo "1861"]
[BlackElo "1787"]
[PlyCount "66"]
[EventDate "2019.??.??"]
[WhiteTeam "Cavalli Pazzi"]
[BlackTeam "Vicenza 2"]

1. e4 d6 2. d4 Nf6 3. Nc3 Nbd7 4. Bc4 e5 5. Nf3 Be7 6. O-O O-O 7. Bb3 c6 8. a4
a5 9. Be3 Qc7 10. h3 Nb6 11. dxe5 dxe5 12. Nxe5 Qxe5 13. Bxb6 Bc5 14. Bxc5 Qxc5
15. Qf3 Be6 16. Bxe6 fxe6 17. Qe2 Qb4 18. Rad1 Rae8 19. Rd3 Rf7 20. b3 Qc5 21.
Rf3 Rd7 22. e5 Nd5 23. Ne4 Qe7 24. c4 Nb4 25. Rg3 Kh8 26. Qh5 Rf8 27. Nd6 Na6
28. Rd1 c5 29. Rdd3 Nb8 30. Rdf3 Rxf3 31. Rxf3 g6 32. Qh6 Rd8 33. Nf7+ Kg8 1-0

[Event "51 C.I.S. Promozione Veneto 1"]
[Site "Local Site"]
[Date "2019.03.15"]
[Round "1.1"]
[White "Ferrara, Pietro"]
[Black "Perantoni, Matteo"]
[Result "1-0"]
[WhiteElo "1810"]
[BlackElo "1680"]
[PlyCount "25"]
[EventDate "2019.??.??"]
[WhiteTeam "Gli Alfieri del Battinelli"]
[BlackTeam "Valpolicella A"]

1. e4 d6 2. d4 Nf6 3. Nc3 Nbd7 4. Nf3 c5 5. Bc4 Nb6 6. Bb5+ Bd7 7. dxc5 Bxb5 8.
Nxb5 dxc5 9. Bf4 Rc8 10. Nxa7 Qxd1+ 11. Rxd1 Rd8 12. Rxd8+ Kxd8 13. Ng5 1-0

[Event "51 C.I.S. Promozione Veneto 1"]
[Site "Local Site"]
[Date "2019.03.15"]
[Round "1.2"]
[White "Volpi, Matteo"]
[Black "Zenti, Edoardo"]
[Result "1/2-1/2"]
[WhiteElo "1555"]
[BlackElo "1744"]
[PlyCount "51"]
[EventDate "2019.??.??"]
[WhiteTeam "Valpolicella A"]
[BlackTeam "Gli Alfieri del Battinelli"]

1. d4 Nf6 2. Bf4 d5 3. e3 Bf5 4. c4 e6 5. Nf3 Bb4+ 6. Nbd2 O-O 7. Be2 dxc4 8.
Bxc4 Nbd7 9. O-O Nb6 10. Bb3 Rc8 11. a3 Bd6 12. Bg5 Be7 13. Qe2 Ne4 14. Nxe4
Bxe4 15. Bxe7 Qxe7 16. Nd2 Bg6 17. Nc4 Nxc4 18. Qxc4 c5 19. Rac1 b6 20. Rc3 h6
21. Rfc1 cxd4 22. Qxd4 Rxc3 23. Qxc3 Rd8 24. Bc2 Bxc2 25. Qxc2 Qd7 26. h3
1/2-1/2

[Event "51 C.I.S. Promozione Veneto 1"]
[Site "Local Site"]
[Date "2019.03.15"]
[Round "1.3"]
[White "Marcori, Mirko"]
[Black "Mai, Daniele"]
[Result "1-0"]
[WhiteElo "1733"]
[BlackElo "1475"]
[PlyCount "103"]
[EventDate "2019.??.??"]
[WhiteTeam "Gli Alfieri del Battinelli"]
[BlackTeam "Valpolicella A"]

1. d4 d5 2. Nf3 Nf6 3. g3 Bf5 4. Bg2 e6 5. O-O Be7 6. Nbd2 c5 7. c3 Ne4 8. Ne5
f6 9. Qa4+ Nd7 10. Nxd7 Qxd7 11. Qxd7+ Kxd7 12. Nxe4 Bxe4 13. Bxe4 dxe4 14.
dxc5 Bxc5 15. b4 Be7 16. Rd1+ Ke8 17. Bb2 Rd8 18. Rxd8+ Kxd8 19. Rd1+ Kc7 20.
a3 Rd8 21. Rxd8 Bxd8 22. Kf1 Kc6 23. c4 a5 24. Ke1 axb4 25. axb4 g6 26. Kd2 f5
27. h4 g5 28. h5 g4 29. Bg7 b5 30. Kc3 bxc4 31. Kxc4 Bc7 32. e3 e5 33. Bh6 f4
34. Bf8 fxg3 35. b5+ Kd7 36. fxg3 Ke6 37. Kc5 Kd7 38. b6 Bb8 39. Kb5 Ke8 40.
Bg7 Kd7 41. Kc5 Ke6 42. Kc6 Bd6 43. Kb7 Kd5 44. Kc8 Kc4 45. b7 Kd3 46. Bf8 Bb8
47. Bc5 Bd6 48. Bxd6 Kxe3 49. b8=Q Kf3 50. Bxe5 e3 51. Qb3 Kf2 52. Bd4 1-0

[Event "51 C.I.S. Promozione Veneto 1"]
[Site "Local Site"]
[Date "2019.03.15"]
[Round "1.1"]
[White "Fiscato, Claudio"]
[Black "Vujicic, Luigi"]
[Result "1-0"]
[WhiteElo "1636"]
[BlackElo "1432"]
[PlyCount "81"]
[EventDate "2019.??.??"]
[WhiteTeam "Il Grifone di Arzignano 2"]
[BlackTeam "Pedoni Passanti"]

1. e4 e5 2. Nf3 Nc6 3. Bb5 a6 4. Ba4 Nf6 5. d3 b5 6. Bb3 Bb7 7. c3 Be7 8. O-O
O-O 9. Re1 Re8 10. Nbd2 d6 11. Nf1 Bf8 12. Ng3 g6 13. Bg5 Bg7 14. Qd2 Qd7 15.
h3 d5 16. Bxf6 Bxf6 17. Bxd5 Rad8 18. Rad1 Na5 19. Bxb7 Nxb7 20. Re2 c5 21. Nf1
Qe6 22. b3 c4 23. bxc4 bxc4 24. Qc2 Nc5 25. d4 exd4 26. cxd4 Nd3 27. d5 Qc8 28.
Qd2 Rd7 29. Ne1 Nc5 30. Qc2 Nb7 31. f4 Qc5+ 32. Kh1 Rde7 33. e5 g5 34. Qf5 Bg7
35. Qxg5 Nd6 36. Nf3 h6 37. Qg4 Rd8 38. Ng3 Ne8 39. Nf5 Re6 40. d6 Rg6 41. Ne7+
1-0

[Event "51 C.I.S. Promozione Veneto 1"]
[Site "Local Site"]
[Date "2019.03.15"]
[Round "1.2"]
[White "Fasoli, Michele"]
[Black "Magnabosco, Mauro Denis"]
[Result "0-1"]
[WhiteElo "1308"]
[BlackElo "1699"]
[PlyCount "54"]
[EventDate "2019.??.??"]
[WhiteTeam "Pedoni Passanti"]
[BlackTeam "Il Grifone di Arzignano 2"]

1. d4 Nf6 2. c4 e6 3. Nc3 Bb4 4. Nf3 Bxc3+ 5. bxc3 h6 6. e3 b6 7. Bd3 Bb7 8.
O-O O-O 9. Re1 Ne4 10. Qc2 f5 11. Bb2 d6 12. Rad1 Nd7 13. Nd2 Ndf6 14. f3 Nxd2
15. Qxd2 c5 16. e4 fxe4 17. fxe4 e5 18. Re3 Nh5 19. Bc1 Qe7 20. Be2 Nf4 21. Rg3
Rf6 22. d5 Raf8 23. Rf1 Nxe2+ 24. Qxe2 Rxf1+ 25. Qxf1 Rxf1+ 26. Kxf1 Ba6 27.
Bxh6 Qf6+ 0-1

[Event "51 C.I.S. Promozione Veneto 1"]
[Site "Local Site"]
[Date "2019.03.15"]
[Round "1.3"]
[White "Astengo, Roberto"]
[Black "Venturini, Valter"]
[Result "1-0"]
[WhiteElo "1900"]
[BlackElo "1240"]
[PlyCount "97"]
[EventDate "2019.??.??"]
[WhiteTeam "Il Grifone di Arzignano 2"]
[BlackTeam "Pedoni Passanti"]

1. Nf3 Nf6 2. g3 d6 3. d4 Nbd7 4. Bg2 c6 5. O-O e6 6. c4 Be7 7. Nc3 O-O 8. e4
Re8 9. Qe2 e5 10. dxe5 dxe5 11. b3 Qc7 12. Bb2 Bd6 13. Rad1 Nf8 14. Rd2 Bg4 15.
h3 Bh5 16. Nd1 Rad8 17. Ne3 Bg6 18. Nh4 Bc5 19. Nxg6 Rxd2 20. Qxd2 Rd8 21. Qe2
Nxg6 22. Rd1 Rxd1+ 23. Nxd1 Qd7 24. Kh2 Bd4 25. Ne3 Bxb2 26. Qxb2 Qd3 27. Qc2
Qxc2 28. Nxc2 Nf8 29. f4 exf4 30. gxf4 Nh5 31. f5 Nf4 32. Bf1 c5 33. Kg3 Nh5+
34. Kf3 Nf6 35. Ne3 N8d7 36. Nd5 Kf8 37. Be2 g6 38. Nxf6 Nxf6 39. e5 Ng8 40. f6
Nh6 41. Bd3 Ng8 42. Kf4 h6 43. Ke4 Ke8 44. Kd5 b6 45. Kd6 h5 46. Be4 Nh6 47. e6
Ng8 48. Bc6+ Kd8 49. e7+ 1-0

[Event "51 C.I.S. Promozione Veneto 1"]
[Site "Local Site"]
[Date "2019.03.15"]
[Round "1.4"]
[White "Zangrandi, Giulio"]
[Black "Mulone, Gaspare"]
[Result "0-1"]
[WhiteElo "1440"]
[BlackElo "1386"]
[PlyCount "126"]
[EventDate "2019.??.??"]
[WhiteTeam "Pedoni Passanti"]
[BlackTeam "Il Grifone di Arzignano 2"]

1. e4 d6 2. d4 g6 3. Nc3 Bg7 4. Nf3 Bg4 5. Be2 Nc6 6. Be3 Nf6 7. Qd2 O-O 8.
O-O-O a6 9. Bh6 Bxf3 10. Bxf3 Ne8 11. h4 e6 12. g4 Qf6 13. Bxg7 Nxg7 14. Qe3
Rfe8 15. g5 Qe7 16. d5 Ne5 17. Be2 b5 18. b3 Rec8 19. f4 Nd7 20. h5 e5 21. h6
exf4 22. Qxf4 Ne8 23. Bg4 Rd8 24. Ne2 Qe5 25. Bxd7 Qxf4+ 26. Nxf4 Rxd7 27. Rhe1
Re7 28. Nd3 a5 29. e5 dxe5 30. Rxe5 Rxe5 31. Nxe5 Nd6 32. Re1 Kf8 33. Nd7+ Kg8
34. Nf6+ Kh8 35. Ne4 Re8 36. Kd2 Rxe4 37. Rxe4 Nxe4+ 38. Ke3 Nxg5 39. c4 bxc4
40. bxc4 Kg8 41. Kf4 f6 42. c5 Nf7 43. a4 Kf8 44. Ke4 Ke8 45. Kd4 Nxh6 46. c6
Nf7 47. Kc5 Nd6 48. Kd4 h5 49. Ke3 Nc4+ 50. Kd4 Nb6 51. Kc5 Nxa4+ 52. Kb5 Nc3+
53. Kc4 Ne4 54. Kb5 Nc3+ 55. Kc4 Nxd5 56. Kxd5 Ke7 57. Kc5 h4 58. Kb5 Kd6 59.
Kxa5 Kxc6 60. Ka6 h3 61. Ka7 h2 62. Kb8 h1=Q 63. Ka7 Qb1 0-1

[Event "51 C.I.S. Promozione Veneto 1"]
[Site "Local Site"]
[Date "2019.03.16"]
[Round "2.1"]
[White "Pernigo, Leonardo"]
[Black "Astengo, Roberto"]
[Result "1-0"]
[WhiteElo "1756"]
[BlackElo "1900"]
[PlyCount "95"]
[EventDate "2019.??.??"]
[WhiteTeam "Valpolicella A"]
[BlackTeam "Il Grifone di Arzignano 2"]

1. d4 Nf6 2. Nf3 e6 3. Bf4 d5 4. e3 Bd6 5. Bg5 h6 6. Bh4 b6 7. Bd3 Ba6 8. O-O
Bxd3 9. Qxd3 Nbd7 10. Nbd2 c5 11. c4 Qc8 12. cxd5 exd5 13. b3 Qb7 14. Bxf6 Nxf6
15. Qb5+ Qd7 16. Qxd7+ Nxd7 17. e4 dxe4 18. Nxe4 Be7 19. dxc5 Nxc5 20. Nxc5
bxc5 21. Rfe1 f6 22. Nh4 Kf7 23. Nf5 Rhe8 24. Rad1 Bf8 25. Rd7+ Kg8 26. Rxe8
Rxe8 27. Kf1 Re5 28. Ne3 Re7 29. Rxe7 Bxe7 30. Nf5 Bf8 31. Ke2 Kf7 32. Kd3 Ke6
33. Ke4 g6 34. Ne3 f5+ 35. Kd3 Bg7 36. Nc2 Kd5 37. Ne3+ Kc6 38. Kc4 Bd4 39. Nd1
g5 40. b4 g4 41. b5+ Kb6 42. Ne3 a6 43. bxa6 Kxa6 44. Nxf5 Bxf2 45. Nxh6 g3 46.
h4 Kb6 47. Nf5 Kc6 48. h5 1-0

[Event "51 C.I.S. Promozione Veneto 1"]
[Site "Local Site"]
[Date "2019.03.16"]
[Round "2.2"]
[White "Le Van, Alessandro"]
[Black "Volpi, Matteo"]
[Result "0-1"]
[WhiteElo "1567"]
[BlackElo "1555"]
[PlyCount "63"]
[EventDate "2019.??.??"]
[WhiteTeam "Il Grifone di Arzignano 2"]
[BlackTeam "Valpolicella A"]

1. e4 e5 2. Nf3 Nc6 3. d4 exd4 4. Nxd4 Nxd4 5. Qxd4 d6 6. Bc4 Be6 7. Nc3 Bxc4
8. Qxc4 c6 9. Bf4 Nf6 10. O-O-O Nh5 11. Be3 Qd7 12. e5 d5 13. Qe2 g6 14. g4 Ng7
15. Ne4 Be7 16. Bc5 Bxc5 17. Nf6+ Kd8 18. Nxd7 Kxd7 19. Qf3 Rhf8 20. Rxd5+ cxd5
21. Qxd5+ Ke8 22. Rd1 Rg8 23. Qxc5 Ne6 24. Qb5+ Kf8 25. Qxb7 Kg7 26. Rd7 Rgf8
27. Qd5 Nf4 28. Qf3 g5 29. h4 h6 30. Qc6 Rad8 31. Qf6+ Kg8 32. Rxd8 0-1

[Event "51 C.I.S. Promozione Veneto 1"]
[Site "Local Site"]
[Date "2019.03.16"]
[Round "2.3"]
[White "Mai, Daniele"]
[Black "Mulone, Gaspare"]
[Result "1-0"]
[WhiteElo "1475"]
[BlackElo "1386"]
[PlyCount "79"]
[EventDate "2019.??.??"]
[WhiteTeam "Valpolicella A"]
[BlackTeam "Il Grifone di Arzignano 2"]

1. d4 e6 2. c4 Bb4+ 3. Nc3 Ne7 4. e4 O-O 5. Bd3 d5 6. cxd5 exd5 7. e5 Bf5 8.
Bxf5 Nxf5 9. Qg4 Qd7 10. Nge2 c5 11. O-O cxd4 12. Nxd4 Ne7 13. e6 fxe6 14. Nxe6
Rf7 15. Qxb4 Qxe6 16. Qxb7 Qc6 17. Qxc6 Nbxc6 18. Bg5 Raf8 19. Bxe7 Nxe7 20.
Rad1 Rf5 21. f3 Rd8 22. Nb5 a6 23. Nd4 Rf6 24. Rfe1 Nf5 25. Nxf5 Rxf5 26. Rd4
Kf7 27. Kf2 Kf6 28. f4 g5 29. Kf3 Rd6 30. g4 Rxf4+ 31. Rxf4+ gxf4 32. Kxf4 Re6
33. g5+ Ke7 34. Re5 Kd6 35. Rxe6+ Kxe6 36. h4 a5 37. h5 d4 38. g6 hxg6 39. hxg6
Kf6 40. Ke4 1-0

[Event "51 C.I.S. Promozione Veneto 1"]
[Site "Local Site"]
[Date "2019.03.16"]
[Round "2.1"]
[White "Pechy, Alaster"]
[Black "Rigo, Gianfrancesco"]
[Result "1-0"]
[WhiteElo "2152"]
[BlackElo "1894"]
[PlyCount "51"]
[EventDate "2019.??.??"]
[WhiteTeam "Salvioli A"]
[BlackTeam "Gli Alfieri del Battinelli"]

1. d4 Nf6 2. c4 e6 3. Nf3 Bb4+ 4. Bd2 Qe7 5. g3 O-O 6. Bg2 Bxd2+ 7. Qxd2 d6 8.
O-O Nbd7 9. Nc3 Rd8 10. Rfd1 Re8 11. Qc2 Nf8 12. Rac1 Ng6 13. e4 e5 14. Nd5
Nxd5 15. cxd5 Bg4 16. h3 Bxf3 17. Bxf3 exd4 18. Rxd4 Qf6 19. Qc3 Ne5 20. Bg2 c5
21. dxc6 Rac8 22. c7 Re7 23. Qd2 Rexc7 24. Rxc7 Rxc7 25. Rxd6 Rc1+ 26. Kh2 1-0

[Event "51 C.I.S. Promozione Veneto 1"]
[Site "Local Site"]
[Date "2019.03.16"]
[Round "2.3"]
[White "Cattaruzzo, Nicolò"]
[Black "Marcori, Mirko"]
[Result "1-0"]
[WhiteElo "1772"]
[BlackElo "1733"]
[PlyCount "77"]
[EventDate "2019.??.??"]
[WhiteTeam "Salvioli A"]
[BlackTeam "Gli Alfieri del Battinelli"]

1. d4 d5 2. Bg5 Nd7 3. e3 Ngf6 4. c4 e6 5. Nc3 Be7 6. Nf3 c6 7. Bd3 O-O 8. Rc1
dxc4 9. Bxc4 Nd5 10. Bxe7 Qxe7 11. a3 Nxc3 12. Rxc3 b5 13. Bd3 Bb7 14. Be4 Rac8
15. Qc2 Nf6 16. Bxc6 b4 17. axb4 Qxb4 18. Bxb7 Qxb7 19. O-O Rxc3 20. bxc3 Rc8
21. c4 a5 22. c5 g6 23. Ra1 Qc7 24. Qa4 Ra8 25. Ne5 Kg7 26. h3 h5 27. Qb5 Rb8
28. Qxa5 Rb1+ 29. Kh2 Qb8 30. Rxb1 Qxb1 31. Qc7 Qf5 32. Qxf7+ Kh6 33. Qf8+ Kh7
34. Nf7 Ng8 35. Qxg8+ Kxg8 36. Nh6+ Kf8 37. Nxf5 gxf5 38. Kg3 Ke7 39. Kh4 1-0

[Event "51 C.I.S. Promozione Veneto 1"]
[Site "Local Site"]
[Date "2019.03.16"]
[Round "2.4"]
[White "Gneo, Marco"]
[Black "Urbinati, Emilio"]
[Result "1/2-1/2"]
[WhiteElo "1703"]
[BlackElo "1564"]
[PlyCount "87"]
[EventDate "2019.??.??"]
[WhiteTeam "Gli Alfieri del Battinelli"]
[BlackTeam "Salvioli A"]

1. Nf3 e6 2. d4 Nf6 3. c4 b6 4. g3 Bb7 5. Bg2 Bb4+ 6. Bd2 Bxd2+ 7. Nbxd2 d6 8.
O-O Nbd7 9. Re1 O-O 10. e4 e5 11. d5 a5 12. b3 Nc5 13. a3 h6 14. b4 axb4 15.
axb4 Nd3 16. Rxa8 Qxa8 17. Re3 Nxb4 18. Nh4 Na6 19. f4 g6 20. fxe5 dxe5 21. Rf3
Qd8 22. Qf1 Kg7 23. Qa1 Qe7 24. Ra3 Nc5 25. Nhf3 Nfd7 26. Bh3 f6 27. Ra7 Rb8
28. Nh4 Nd3 29. Qf1 N3c5 30. Bf5 g5 31. Ng6 Qe8 32. h4 Nf8 33. Nxf8 Qxf8 34.
hxg5 hxg5 35. Qh3 Qh8 36. Qg4 Ra8 37. Rxa8 Bxa8 38. Nf3 Qh6 39. Nh4 Kf8 40.
Ng6+ Kf7 41. Qd1 g4 42. Qxg4 Qe3+ 43. Kh2 Qf2+ 44. Kh3 1/2-1/2

[Event "51 C.I.S. Promozione Veneto 1"]
[Site "Local Site"]
[Date "2019.03.16"]
[Round "3.2"]
[White "Redo, Giorgio"]
[Black "Zanoni, Luca"]
[Result "1-0"]
[WhiteElo "2070"]
[BlackElo "1885"]
[PlyCount "60"]
[EventDate "2019.??.??"]
[WhiteTeam "Salvioli A"]
[BlackTeam "Il Grifone di Arzignano"]

1. f4 d5 2. Nf3 g6 3. e3 Bg7 4. Be2 c5 5. O-O Nf6 6. Bb5+ Bd7 7. a4 O-O 8. Qe1
a6 9. Bxd7 Nbxd7 10. d3 Qc7 11. Nbd2 b6 12. c4 Rad8 13. Qh4 h6 14. e4 dxe4 15.
dxe4 e5 16. Nb3 Nxe4 17. fxe5 f5 18. e6 g5 19. Bxg5 hxg5 20. Nxg5 Ndf6 21. Rxf5
Nxg5 22. Rxg5 Rfe8 23. Re1 Rd6 24. Qg3 Re7 25. Qf4 Rdxe6 26. Rxg7+ Kxg7 27.
Qg5+ Kf7 28. Rf1 Qe5 29. Qh4 Qe3+ 30. Kh1 Qxb3 1-0

[Event "51 C.I.S. Promozione Veneto 1"]
[Site "Local Site"]
[Date "2019.03.16"]
[Round "3.3"]
[White "Fiscato, Claudio"]
[Black "Cattaruzzo, Nicolò"]
[Result "1/2-1/2"]
[WhiteElo "1636"]
[BlackElo "1772"]
[PlyCount "76"]
[EventDate "2019.??.??"]
[WhiteTeam "Il Grifone di Arzignano 2"]
[BlackTeam "Salvioli A"]

1. e4 d5 2. exd5 Qxd5 3. Nc3 Qd6 4. d4 Nf6 5. Nf3 c6 6. g3 g6 7. Bg2 Bg7 8. O-O
O-O 9. h3 Nbd7 10. Re1 Nb6 11. Bf4 Qd8 12. Qe2 Nbd5 13. Nxd5 Nxd5 14. Bd2 Re8
15. c3 a5 16. Ne5 Be6 17. h4 Nf6 18. Bg5 Qc8 19. Nc4 Ra6 20. a4 Bd5 21. Bxf6
Bxf6 22. Nd6 Qd7 23. Nxe8 Qxe8 24. Bxd5 cxd5 25. Qb5 Qc6 26. Qxc6 Rxc6 27. Kg2
h5 28. f4 e6 29. Kf3 Rb6 30. Re2 Rb3 31. Ke3 Be7 32. Kd3 Kf8 33. Kc2 Rb6 34.
Rb1 Rc6 35. Kd3 Ra6 36. Rc2 Ke8 37. c4 dxc4+ 38. Rxc4 Kd7 1/2-1/2

[Event "51 C.I.S. Promozione Veneto 1"]
[Site "Local Site"]
[Date "2019.03.16"]
[Round "3.4"]
[White "Jabara, Marco"]
[Black "Magnabosco, Mauro Denis"]
[Result "1-0"]
[WhiteElo "1524"]
[BlackElo "1699"]
[PlyCount "127"]
[EventDate "2019.??.??"]
[WhiteTeam "Salvioli A"]
[BlackTeam "Il Grifone di Arzignano"]

1. d4 Nf6 2. c4 e6 3. Nc3 Bb4 4. Qc2 b6 5. Nf3 Bb7 6. Bf4 O-O 7. e3 Ne4 8. Bd3
f5 9. h4 d6 10. O-O-O Bxc3 11. bxc3 Nd7 12. Ng5 Nxg5 13. Bxg5 Qe8 14. f3 h6 15.
Bf4 e5 16. Bg3 e4 17. fxe4 fxe4 18. Be2 Nf6 19. h5 Bc6 20. Rdf1 Bd7 21. Rh4 Qe7
22. Rhf4 Rae8 23. Bh4 Qd8 24. g4 Qc8 25. Bxf6 gxf6 26. Rxf6 Rxf6 27. Rxf6 Kh7
28. Rf4 Kh8 29. Rxe4 Qd8 30. Rxe8+ Qxe8 31. Kd2 Qf7 32. Qe4 a5 33. Qf4 Kg7 34.
g5 hxg5 35. Qxg5+ Kh8 36. h6 Bf5 37. Bh5 Qd7 38. Bg6 Bxg6 39. Qxg6 Qe7 40. e4
Qf8 41. Qg7+ Qxg7 42. hxg7+ Kxg7 43. Ke3 Kf6 44. Kf4 a4 45. c5 dxc5 46. dxc5 b5
47. e5+ Ke6 48. c6 Ke7 49. Kf5 a3 50. Ke4 Ke6 51. Kd4 Kf7 52. Kc5 Ke6 53. Kxb5
Kxe5 54. Ka6 Kd5 55. Kb5 Ke4 56. Kc4 Ke5 57. Kb4 Kd5 58. Kxa3 Kxc6 59. Kb4 Kb6
60. a4 c5+ 61. Kc4 Kc6 62. a5 Kd6 63. Kb5 Kd5 64. a6 1-0

[Event "51 C.I.S. Promozione Veneto 1"]
[Site "Local Site"]
[Date "2019.03.16"]
[Round "3.1"]
[White "Vujicic, Luigi"]
[Black "Pernigo, Leonardo"]
[Result "1-0"]
[WhiteElo "1432"]
[BlackElo "1756"]
[PlyCount "161"]
[EventDate "2019.??.??"]
[WhiteTeam "Pedoni Passanti"]
[BlackTeam "Valpolicella A"]

1. e4 e6 2. d4 d5 3. e5 c5 4. c3 Nc6 5. Nf3 Qb6 6. a3 a5 7. Bd3 c4 8. Bc2 Nge7
9. O-O Ng6 10. Re1 Be7 11. Nbd2 Qc7 12. Nf1 Bd7 13. Ng3 O-O-O 14. Bd2 f6 15.
Bxg6 hxg6 16. Bf4 g5 17. exf6 gxf4 18. fxe7 Rde8 19. Nf1 Rxe7 20. Ne5 Nxe5 21.
Rxe5 Rf7 22. Nd2 Qd8 23. Nf3 g6 24. Ng5 Rf6 25. Qg4 Qf8 26. h3 Rh5 27. Rae1 Rf5
28. Rxf5 Qxf5 29. Qxf5 exf5 30. Ne6 f3 31. Nf4 Rh6 32. Nxd5 g5 33. gxf3 Bc6 34.
Ne7+ Kc7 35. Nxc6 Kxc6 36. Re5 b5 37. Rxf5 Rxh3 38. Rxg5 Rxf3 39. Rg3 Rf5 40.
Kg2 Kd5 41. Rg4 Rf7 42. Rg5+ Kc6 43. Kg3 Re7 44. Re5 Rg7+ 45. Kf3 Rg1 46. Re2
Rg7 47. Ke3 Re7+ 48. Kd2 Rf7 49. Ke1 Rf3 50. Kf1 Kd6 51. Kg2 Rf7 52. f3 Rg7+
53. Kf2 Rf7 54. Re5 Kc6 55. Re1 Rh7 56. Ke3 Re7+ 57. Kd2 Rh7 58. Re2 Rf7 59.
Rf2 Kd5 60. Kc2 a4 61. Kd2 Rf8 62. Ke3 Re8+ 63. Kf4 Rf8+ 64. Kg5 Rg8+ 65. Kf6
Rf8+ 66. Kg7 Rf4 67. Kg6 Kd6 68. Kg5 Rf8 69. f4 Rg8+ 70. Kf5 Rf8+ 71. Ke4 Re8+
72. Kf3 Rf8 73. Re2 Rh8 74. f5 Rf8 75. Kf4 Rf7 76. Kg5 Rg7+ 77. Kf6 Rh7 78. Kg6
Rh8 79. Kg7 Rh3 80. f6 Rg3+ 81. Kf8 1-0

[Event "51 C.I.S. Promozione Veneto 1"]
[Site "Local Site"]
[Date "2019.03.16"]
[Round "3.2"]
[White "Volpi, Matteo"]
[Black "Fasoli, Michele"]
[Result "1-0"]
[WhiteElo "1555"]
[BlackElo "1308"]
[PlyCount "101"]
[EventDate "2019.??.??"]
[WhiteTeam "Valpolicella A"]
[BlackTeam "Pedoni Passanti"]

1. d4 d5 2. Bf4 e6 3. e3 Nf6 4. c4 c6 5. Nf3 Bb4+ 6. Nbd2 Ne4 7. a3 Bxd2+ 8.
Nxd2 Nxd2 9. Qxd2 Nd7 10. c5 O-O 11. Bd3 Nf6 12. Bg5 Ne4 13. Bxe4 Qxg5 14. f4
Qh4+ 15. g3 Qh3 16. Bd3 b6 17. b4 bxc5 18. bxc5 Rb8 19. Kf2 Bd7 20. Bf1 Qh5 21.
h4 f5 22. Be2 Qf7 23. Rab1 Rfd8 24. Qa5 Be8 25. Rb4 Qe7 26. Rhb1 Ra8 27. Rb7
Rd7 28. Qa6 Rc8 29. Rxa7 Rcc7 30. Rxc7 Rxc7 31. Qa5 Ra7 32. Qb4 Qd8 33. Qb6 Qa8
34. Qb8 Qxb8 35. Rxb8 Kf8 36. Rb3 g6 37. Ke1 Ke7 38. Kd2 Bd7 39. Kc3 Bc8 40.
Bd1 Ba6 41. Rb6 Kd7 42. Kb4 Kc7 43. Kc3 Bb5 44. Kb4 Ba6 45. Ba4 Rb7 46. Ka5 Bc4
47. Rxc6+ Kd7 48. Rb6+ Kc7 49. Rxb7+ Kxb7 50. Bd7 Kc7 51. Bxe6 1-0

[Event "51 C.I.S. Promozione Veneto 1"]
[Site "Local Site"]
[Date "2019.03.16"]
[Round "3.3"]
[White "Fiscini, Mario"]
[Black "Mai, Daniele"]
[Result "1-0"]
[WhiteElo "1424"]
[BlackElo "1475"]
[PlyCount "70"]
[EventDate "2019.??.??"]
[WhiteTeam "Pedoni Passanti"]
[BlackTeam "Valpolicella A"]

1. d4 Nf6 2. Nc3 d5 3. Bg5 e6 4. Nf3 Nbd7 5. e4 dxe4 6. Nxe4 h6 7. Nxf6+ Nxf6
8. Be3 Be7 9. Bd3 O-O 10. Qd2 Ng4 11. Bf4 Bd6 12. h3 Bxf4 13. Qxf4 Nf6 14.
O-O-O Nd5 15. Qd2 Qd6 16. g4 Nb4 17. Kb1 a5 18. c3 Nxd3 19. Qxd3 Qf4 20. Rdf1
b6 21. Nh4 Ba6 22. c4 Rfd8 23. Nf3 Bb7 24. d5 exd5 25. Qe3 Qxe3 26. fxe3 dxc4
27. Rh2 Bxf3 28. Rxf3 Rd3 29. Kc2 Rad8 30. h4 b5 31. Rg2 b4 32. h5 c3 33. bxc3
Rxc3+ 34. Kb2 a4 35. g5 a3+ 1-0

[Event "51 C.I.S. Promozione Veneto 1"]
[Site "Local Site"]
[Date "2019.03.17"]
[Round "4.1"]
[White "Pechy, Alaster"]
[Black "Casarotto, Michele"]
[Result "1-0"]
[WhiteElo "2152"]
[BlackElo "1714"]
[PlyCount "81"]
[EventDate "2019.??.??"]
[WhiteTeam "Salvioli A"]
[BlackTeam "Pedoni Passanti"]

1. d4 d5 2. c4 e6 3. Nc3 Nf6 4. Bg5 Be7 5. e3 O-O 6. Nf3 Ne4 7. Bxe7 Qxe7 8.
Qc2 Nxc3 9. Qxc3 c6 10. Ne5 Nd7 11. Nxd7 Bxd7 12. Rc1 f5 13. f4 Be8 14. Be2
Qh4+ 15. g3 Qh3 16. Bf1 Qh6 17. Kf2 Bh5 18. Bg2 Rae8 19. Qa3 Ra8 20. Qd6 Qf6
21. Rc3 Rfd8 22. Qe5 Qxe5 23. fxe5 Rac8 24. Rhc1 g5 25. b4 Rf8 26. cxd5 exd5
27. Bxd5+ Kg7 28. Bf3 Bxf3 29. Kxf3 Rcd8 30. b5 f4 31. gxf4 gxf4 32. bxc6 bxc6
33. Rxc6 fxe3+ 34. Kxe3 Rd7 35. Rc7 Rff7 36. Rg1+ Kf8 37. Rc8+ Ke7 38. Rgg8 Ke6
39. Ke4 Rxd4+ 40. Kxd4 Rf4+ 41. Ke3 1-0

[Event "51 C.I.S. Promozione Veneto 1"]
[Site "Local Site"]
[Date "2019.03.17"]
[Round "4.2"]
[White "Vujicic, Luigi"]
[Black "Redo, Giorgio"]
[Result "0-1"]
[WhiteElo "1432"]
[BlackElo "2070"]
[PlyCount "34"]
[EventDate "2019.??.??"]
[WhiteTeam "Pedoni Passanti"]
[BlackTeam "Salvioli A"]

1. e4 c5 2. Nc3 Nc6 3. g3 g6 4. Bg2 Bg7 5. d3 d6 6. f4 Nf6 7. Be3 Ng4 8. Bd2
Bd4 9. Nh3 h5 10. Qf3 Qb6 11. Rb1 Ne3 12. Nd5 Nxd5 13. exd5 Bg4 14. Qf1 Nb4 15.
Bf3 Nxc2+ 16. Kd1 Na3 17. Ba5 Qb5 0-1

[Event "51 C.I.S. Promozione Veneto 1"]
[Site "Local Site"]
[Date "2019.03.17"]
[Round "4.3"]
[White "Cattaruzzo, Nicolò"]
[Black "Venturini, Valter"]
[Result "1-0"]
[WhiteElo "1772"]
[BlackElo "1240"]
[PlyCount "41"]
[EventDate "2019.??.??"]
[WhiteTeam "Salvioli A"]
[BlackTeam "Pedoni Passanti"]

1. d4 g6 2. c4 b6 3. Nc3 e6 4. e4 Bg7 5. Be3 Bb7 6. Qd2 d6 7. Nge2 Nd7 8. f3 h6
9. h4 Ne7 10. Nf4 c6 11. d5 e5 12. dxc6 exf4 13. cxd7+ Qxd7 14. Bxf4 Rd8 15.
Rd1 Bxc3 16. Qxc3 Rh7 17. Rxd6 Qc7 18. Rxd8+ Qxd8 19. c5 f5 20. Bb5+ Kf8 21.
Qf6+ 1-0

[Event "51 C.I.S. Promozione Veneto 1"]
[Site "Local Site"]
[Date "2019.03.17"]
[Round "4.4"]
[White "Limmi, Labir"]
[Black "Urbinati, Emilio"]
[Result "0-1"]
[WhiteElo "1276"]
[BlackElo "1564"]
[PlyCount "72"]
[EventDate "2019.??.??"]
[WhiteTeam "Pedoni Passanti"]
[BlackTeam "Salvioli A"]

1. e4 e6 2. d4 d5 3. e5 c5 4. Nf3 Nc6 5. Bb5 Bd7 6. c3 cxd4 7. cxd4 Bb4+ 8. Bd2
Qa5 9. a4 Nge7 10. O-O a6 11. Bxc6 Nxc6 12. Nc3 Qb6 13. Be3 Rc8 14. Rc1 Be7 15.
b3 Na5 16. Nd2 Bb4 17. Ndb1 Bxc3 18. Rxc3 Rxc3 19. Nxc3 Qxb3 20. Qxb3 Nxb3 21.
Rb1 Na5 22. Bd2 Bc6 23. Nxd5 Nc4 24. Nc7+ Kd7 25. Nxe6 fxe6 26. Be1 Kc7 27. f4
g6 28. g4 h5 29. f5 gxf5 30. gxf5 Rg8+ 31. Bg3 h4 32. Rb3 hxg3 33. Rxg3 Rxg3+
34. hxg3 exf5 35. Kf2 Kd7 36. Ke2 Ke6 0-1

[Event "51 C.I.S. Promozione Veneto 1"]
[Site "Local Site"]
[Date "2019.03.17"]
[Round "4.2"]
[White "Zanoni, Luca"]
[Black "Ferrara, Pietro"]
[Result "1-0"]
[WhiteElo "1885"]
[BlackElo "1810"]
[PlyCount "85"]
[EventDate "2019.??.??"]
[WhiteTeam "Il Grifone di Arzignano 2"]
[BlackTeam "Gli Alfieri del Battinelli"]

1. d4 d5 2. Nf3 c5 3. c3 Nc6 4. Bf4 Nf6 5. Nbd2 cxd4 6. cxd4 Bf5 7. a3 e6 8. e3
Bd6 9. Bg3 O-O 10. Nh4 Bg4 11. f3 Bh5 12. Bxd6 Qxd6 13. g4 Bg6 14. Nxg6 fxg6
15. Bg2 e5 16. dxe5 Qxe5 17. Qb3 Nd4 18. Qd3 Rae8 19. Nf1 Qf4 20. O-O-O Qc7+
21. Kb1 Nc6 22. g5 Nh5 23. Qxd5+ Kh8 24. Qb3 Na5 25. Qb4 b6 26. Nd2 Qe5 27. Ne4
Rd8 28. f4 Qe6 29. Rd6 Qc4 30. Rhd1 Rc8 31. R6d2 Nb3 32. Qxc4 Rxc4 33. Rd8 Rc8
34. Rxf8+ Rxf8 35. Ka2 Na5 36. Rd7 Nc4 37. Rd3 Kg8 38. b3 Na5 39. Rd7 Rc8 40.
Kb2 Nc6 41. Nd6 Nb8 42. Bd5+ Kh8 43. Rxa7 1-0